000 002970000a22000970004500
100 1 _aWalsh, Carey Ellen
245 1 0 _aUnder the influence : Trust and risk in biblical family drinking
300 _aNúm 90 (2000), Páginas 13-29
773 0 _tJournal for the Study of the Old Testament
942 _cANA
999 _c54704
_d54704